000
00231nam a22000857a 4500
008
161117b xxu||||| |||| 00| 0 eng d
100
_9
1277
_a
Panandikar. S
245
_a
The bridge at borim
260
_a
New delhi
_b
National book trust
_c
2001
999
_c
3981
_d
3981